Ensaio biographico-critico sobre os melhores poetas portuguezes / (Record no. 49575)

MARC details
000 -LEADER
campo de control de longitud fija 00628nam a2200181 i 4500
001 - NÚMERO DE CONTROL
campo de control 49575
003 - IDENTIFICADOR DE NÚMERO DE CONTROL
campo de control ES-MaACL
005 - FECHA Y HORA DE LA ÚLTIMA TRANSACCIÓN
campo de control 20230906162021.0
007 - CAMPO FIJO DE DESCRIPCIÓN FÍSICA--INFORMACIÓN GENERAL
campo de control de longitud fija t|
008 - DATOS DE LONGITUD FIJA--INFORMACIÓN GENERAL
campo de control de longitud fija 030718m18501855po ||||1| por d
100 1# - ENTRADA PRINCIPAL--NOMBRE DE PERSONA
Nombre de persona Costa e Silva, José María.
9 (RLIN) 41093
245 10 - MENCIÓN DEL TÍTULO
Título Ensaio biographico-critico sobre os melhores poetas portuguezes /
Mención de responsabilidad, etc. por José María Costa e Silva.
260 ## - PUBLICACIÓN, DISTRIBUCIÓN, ETC.
Lugar de publicación, distribución, etc. Lisboa :
Nombre del editor, distribuidor, etc. [s.n.],
Fecha de publicación, distribución, etc. 1850-1855 (
Fabricante Imprensa silviana)
300 ## - DESCRIPCIÓN FÍSICA
Extensión 10 t. en 5 v. ;
Dimensiones 20 cm.
650 #4 - PUNTO DE ACCESO ADICIONAL DE MATERIA--TÉRMINO DE MATERIA
Término de materia o nombre geográfico como elemento de entrada Poesía portuguesa-
Subdivisión general Historia y crítica.
9 (RLIN) 163186
650 #4 - PUNTO DE ACCESO ADICIONAL DE MATERIA--TÉRMINO DE MATERIA
Término de materia o nombre geográfico como elemento de entrada Poetas portugueses-
Subdivisión general Biografías.
9 (RLIN) 163187
852 ## - LOCALIZACIÓN
Ubicación ES-MaACL
Número de control de estantería B-4010-14
Holdings
Estatus retirado Estado de pérdida Estado de daño No para préstamo Colección Biblioteca de origen Biblioteca actual Ubicación en estantería Fecha de adquisición Fuente de adquisición Total de préstamos Signatura topográfica completa Código de barras Visto por última vez Precio de reemplazo Tipo de ítem Koha
        Libros del s. XIX Biblioteca del Ateneo de Madrid Biblioteca del Ateneo de Madrid Sala Pardo Bazán 17/01/2008     B-4010-14 1052165 23/02/2023 23/02/2023 Libro impreso antiguo